| 000 | 00391nam a2200157Ia 4500 | ||
|---|---|---|---|
| 005 | 20240517050413.0 | ||
| 008 | 240331s9999 xx 000 0 und d | ||
| 082 |
_bDUR _a335 |
||
| 100 | _aDuraisingham, T | ||
| 245 | 0 | _aCompendium on Marxism Leninism | |
| 260 |
_aColombo _bCouncil for socialist studies _c1993 |
||
| 300 | _a108 p ., | ||
| 650 | _aSocial | ||
| 650 | _aPolitics | ||
| 942 | _cL | ||
| 999 |
_c2786 _d2786 |
||